| 000 | 00438nam a2200181Ia 4500 | ||
|---|---|---|---|
| 008 | 180424s9999 xx 000 0 und d | ||
| 020 | _a136510922 | ||
| 084 | _a301.435 C1 | ||
| 100 | _a"Cockerham, William" | ||
| 245 | 0 | _aThis Aging Society | |
| 250 | _a\\199100ENGGPCX | ||
| 260 | _aPrentice Hall | ||
| 260 | _b1991 | ||
| 260 | _cEnglewood Cliffs | ||
| 300 | _a260p | ||
| 500 | _aincludes index and biblioraphy | ||
| 942 | _cBK | ||
| 999 |
_c54540 _d54540 |
||